Statistiques concernant Les régions d'Inde

Cliquez ici pour prendre le quiz!

Statistiques générales

  • Ce quiz a été pris 84 fois
  • Le résultat moyen est 8 sur 36

Statistiques - réponses

Anciens nomsRégions% Correct
Uttar Pradesh
56%
Delhi
49%
Rajasthan
40%
Goa
38%
Kerala
38%
MadrasTamil Nadu
38%
Gujarat
37%
Pendjab
32%
Sikkim
27%
Assam
25%
Andhra Pradesh
22%
Bengale Occidental
22%
Bihar
21%
MysoreKarnataka
21%
Madhya Pradesh
21%
Nagaland
21%
Jammu et Cachemire
19%
Arunachal Pradesh
17%
Himachal Pradesh
17%
Manipur
17%
Tripura
17%
Haryana
16%
Maharashtra
16%
Mizoram
16%
OrissaOdisha
16%
Telangana
16%
UttarakhandUttarakhand
16%
Andaman et nicobar
14%
Meghalaya
14%
Chhattisgarh
11%
Jharkhand
11%
Daman et Diu
8%
PondichéryPuducherry
8%
Chandigarh
6%
Iles Laquedives, Amindivi et MinicoyLakshadweep
6%
Dadra et Nagar Haveli
3%

Distribution des résultats

Percentile par nombre de réponses

% des personnes avec chaque résultat

Votre développement - résultats

Vous n’avez pas pris ce quiz